| 000 | 00724nam a2200241 a 4500 | ||
|---|---|---|---|
| 008 | |||
| 020 | _a9781903812235 (pbk.) | ||
| 049 | _aMAIN | ||
| 090 |
_aRD93.5 _bIMM |
||
| 245 | 1 | 0 |
_aImmediate life support / _cedited by Jasmeet Soar...[et al] |
| 260 |
_aLondon : _cResuscitation council (UK), _c2011. |
||
| 300 | _a3rd ed. | ||
| 300 |
_avi, 70 p. : _bill. (som col.) ; _c30 cm. |
||
| 504 | _aIncludes bibliographical references. | ||
| 650 |
_aWounds and injury _xtherapy. |
||
| 650 | _aMedical emergencies. | ||
| 700 | _aSoar, Jasmmet. | ||
| 907 |
_a.b10363075 _b02-10-15 _c01-10-15 |
||
| 003 | |||
| 005 | 20230123122154.0 | ||
| 040 | _cNUST | ||
| 942 |
_cBOOKS _kRD93.5 _mIMM |
||
| 999 |
_c129040 _d129040 |
||